I gioielli nei papiri di età greco-romana /

محفوظ في:

المؤلف الرئيسي: Russo, Simona (مؤلف)

التنسيق: كتاب

اللغة: Italian

منشور في: Firenze : Istituto papirologico G. Vitelli : Casalini [distributor], 1999.

الموضوعات:

الوسوم: إضافة وسم

لا توجد وسوم, كن أول من يضع وسما على هذه التسجيلة!

رقم الطلب: NK7307.15 .R87 1999

LEADER 00726nam a22002177a 4500
003 OSt
005 20250901130845.0
008 250303s1999 it a g b 001 0 ita d
010 |a 99221292 
040 |c ARCE Library 
043 |a f-ua--- 
050 1 4 |a NK7307.15   |b .R87 1999 
100 1 |a Russo, Simona,   |e author 
245 1 2 |a I gioielli nei papiri di età greco-romana /   |c Simona Russo. 
264 1 |a Firenze :   |b Istituto papirologico G. Vitelli :   |b Casalini [distributor],   |c 1999. 
300 |a 345 pages :   |b color illustrations ;   |c 24 cm. 
504 |a Includes bibliographical references (pages [295]-314) and indexes. 
650 0 |a Jewelry, Ancient  |z Egypt  |v Sources. 
901 |a reviewed 
942 |c BK  |2 lcc 
999 |c 23896  |d 23896